00545nam a2200145Ia 4500008004100000024004100041082001600082100005700098245003600155260002500191600002100216650003800237952010700275999001700382250506s9999 xx 000 0 und d a10B-10-BS, 10B-32-BS & 10B-34-BS a005.072 UME aM. Umer Mukhtar, M. Waqas Pasha & Abdul raffay Waqar 0aMetro Cab system Using IP Radio aKarachi:bUIT,c2010 aComputer Science aBachelor of Computer Science (BS) 001040708PR-CSaUITUbUITUd2022-07-26l0o005.072 UMEpBS-330r2025-05-06 11:34:04w2025-05-06yPR c27535d27535